000 00593nam a2200205Ia 4500
003 IN-BaIIA
008 211028s9999 xx 000 0 eng d
020 _a978-0-307-95819-8
040 _cIIA Library
080 _a524.882
_bLEV
100 _aLevin, Janna
_936932
245 0 _aBlack hole blues and other songs from the outer space
_cJanna Levin
260 _aNew York
_bAlfred A. Knopf
_c2016
300 _a242p.
650 _aBlack hole
_920173
650 _aCosmology
650 _aSpace
_93725
650 _aThe universe
942 _cBK
999 _c19322
_d19322